Представление документа в формате RUSMARC

ПолеНазваниеЗначение
  Тип записи a
  Библиографический уровень m
001 Контрольный номер RU/REG73/CBS_GRAD/654534117
005 Дата корректировки 20221122154900.2
010 Индекс ISBN __
a ISBN 5-7406-0545-8
101 Язык документа __
a Язык текста rus
200 Заглавие и сведения об ответственности __
a Заглавие Жилища народов мира
f Первые сведения об ответственности М. Ф. Альбедиль, Ю. Е. Березкин ; художник Н. И. Андреев.
b Общее обозначение материала Текст
203 Вид содержания и тип средства __
a Вид содержания Текст (визуальный) : непосредственный
210 Выходные данные __
a Место издания Калининград
c Издательство "Янтарный сказ"
d Дата издания 2002
215 Физическое описание __
a Объем 48 с.
610 Ключевые слова __
a Ключевые слова Для детей младшего и среднего школьного возраста
686 Индексы других классификаций __
a Классификационный индекс 63.5
700 Автор __
a Фамилия Альбедиль
g Полное личное имя Маргарита Федоровна
801 Источник записи _0
a Страна RU
b Организация RuCBSGrad
g Правила каталогизации PSBO
801 Источник записи _1
a Страна RU
b Организация RuCBSGrad
g Правила каталогизации PSBO
901 Тип документа __
t Тип документа m
981 __
b i
g e
2 isbdcontent
982 __
b n
2 isbdmedia
993 __
a 2675
b 1151
c Ретро
e 219332
f ЦГДБ
h 92.00
i 219332
m 1
n 44101.578299
o I
x 1
y 1
z 92